| 000 | 00701cam a22001814a 4500 | ||
|---|---|---|---|
| 020 | _a0849335744 (alk. paper) | ||
| 082 | 0 | 0 |
_a551.49 _bBAT _cN-01, P-146 |
| 100 | 1 |
_aBatu, Vedat. _925878 |
|
| 245 | 1 | 0 |
_aApplied flow and solute transport modeling in aquifers : _bfundamental principles and analytical and numerical methods / _cVedat Batu. |
| 260 |
_aBoca Raton, FL : _bTaylor & Francis, _c2006. |
||
| 300 |
_a667 p. : _bill., maps ; _c26 cm. |
||
| 526 |
_a0 _b0 _c0 _d551_490000000000000_BAT |
||
| 650 | 0 |
_aAquifers. _940317 |
|
| 650 | 0 |
_aGroundwater flow _xMathematical models. _92319 |
|
| 650 | 0 |
_aMCE _9379 |
|
| 856 | 4 | 2 | _uhttp://www.loc.gov/catdir/enhancements/fy0648/2005041787-d.html |
| 942 |
_2ddc _cBK |
||
| 999 |
_c544642 _d544642 |
||